In the shadow of the wind

Uloženo v:
Podrobná bibliografie
Hlavní autor: Hébert, Anne
Médium: Kniha
Jazyk:Undetermined
Vydáno: Toronto, Canadá Stoddart 1982
Témata:
Tagy: Přidat tag
Žádné tagy, Buďte první, kdo vytvoří štítek k tomuto záznamu!

MARC

LEADER 00000nam a2200000Ia 4500
008 170316s9999 xx 000 0 und d
040 |a cru BVZT 
090 |a 818 H-7i 
100 |a Hébert, Anne 
245 |a In the shadow of the wind 
260 |a Toronto, Canadá 
260 |b Stoddart 
260 |c 1982 
300 |a 184 páginas 
650 |a LITERATURA CANADIENSE 
999 |c 6475  |d 6475 
942 |c 15 D  |h 818 H-7i  |2 z